Ceni i cenoobrazuvane Na primera na stroitelstvoto

Na minha lista:
Detalhes bibliográficos
Autor principal: Pechlinov, Vasil Žekov
Outros Autores: Monev, Petko Genčev
Formato: Livro
Idioma:búlgaro
Publicado em: Varna Visš institut za narodno stopanstvo "Dimitar Blagoev" 1988
Edição:1. ed.
Tags: Adicionar Tag
Sem tags, seja o primeiro a adicionar uma tag!

MARC

LEADER 00000nam a2200000 4500
001 c032202
005 20221219132900.8
041 0 |a bul 
044 |a BG 
245 1 0 |a Ceni i cenoobrazuvane  |b Na primera na stroitelstvoto  |c Vasil Žekov Pechlinov, Petko Genčev Monev 
250 |a 1. ed. 
264 1 |a Varna  |b Visš institut za narodno stopanstvo "Dimitar Blagoev"  |c 1988 
300 |a 216 s. 
100 1 |a Pechlinov, Vasil Žekov 
700 1 |a Monev, Petko Genčev